000 00572nam a2200229Ia 4500
003 OSt
005 20230503095821.0
008 210423s2003 xx 000 0 und d
020 _a9788183986687
040 _cAL
041 _aeng
082 _a660.6 RATC
100 _aRATLEDGE (Colin);KRISTIANSEN (Bjorn).
_996533
245 _aBasic biotechnology.
250 _a2
260 _aCambridge
_bCambridge University Press
_c2003
300 _axvi,1176
_bPB
365 _b350
_cINR
650 _aBiotechnology
_996534
906 _abiotechnology
942 _2ddc
_cBK
999 _c163020
_d163020